00250nam a2200073Ia 4500008004100000100002600041245007900067260003000146120527s9999 xx 000 0 und d aFREEMAN, H.Ade .et al aRole of credit in the update and productivity of improved dairy technologi bLivestock Policy Analysis